Richards and Richards v Somerset CC (Record no. 69019)
[ view plain ]
| 000 -LEADER | |
|---|---|
| fixed length control field | 02059cam a2200205 4500 |
| 001 - CONTROL NUMBER | |
| control field | ABS64784 |
| 008 - FIXED-LENGTH DATA ELEMENTS--GENERAL INFORMATION | |
| fixed length control field | 011204n2001 000 0 eng u |
| 035 ## - SYSTEM CONTROL NUMBER | |
| System control number | (Sirsi) u115853 |
| 245 ## - TITLE STATEMENT | |
| Title | Richards and Richards v Somerset CC |
| 260 ## - PUBLICATION, DISTRIBUTION, ETC. | |
| Date of publication, distribution, etc. | 2001 |
| 490 ## - SERIES STATEMENT | |
| Series statement | Rating and Valuation Reporter |
| Volume/sequential designation | [2001] RVR 229-232(4) |
| 520 ## - SUMMARY, ETC. | |
| Summary, etc. | LT 18 June 2001. The reference land was a vacant plot of land on the line of Eastern Distributor Road (EDR) on the outskirts of Burnham-on-Sea. The claimants (R) were refused planning permission to build on the reference land and in December 1997 served a purchase notice on Sedgemoor DC. This was confirmed in 1999 with the substitution of Somerset CC as the acquiring authority. Somerset CC took possession of the land on 18 August 1999, the agreed date of valuation. Earlier in February 1999 R referred their claim for compensation to the Lands Tribunal. Expert reports were lodged on 17 September 1999. R's valuation was on the basis that the land had a ransom value because it was the only land available to access Rosewood Farm, in the no scheme world, disregarding any indication of the Land Compensation Act 1961 s9 of compulsory purchase. The LT determined in 2000 that there was no scheme underlying the acquisition of reference land and that the value to be reached was the open market value under s5 of the 1961 Act. R produced a valuation report in March 2001 on the basis that the land possessed ransom value in the real world at the date of valuation due to the publication of the deposit draft local plan in June 201 which allocated land for housing development on the open land to the east of the EDR. Somerset CC argued that R's valuation report be not accepted by the LT. "Held", the application by Somerset CC was dismissed. |
| 590 ## - LOCAL NOTE (RLIN) | |
| Local note | ABS |
| 650 ## - SUBJECT ADDED ENTRY--TOPICAL TERM | |
| Topical term or geographic name entry element | COMPENSATION |
| 650 ## - SUBJECT ADDED ENTRY--TOPICAL TERM | |
| Topical term or geographic name entry element | PURCHASE NOTICE |
| 650 ## - SUBJECT ADDED ENTRY--TOPICAL TERM | |
| Topical term or geographic name entry element | VALUATION BASIS |
| 650 ## - SUBJECT ADDED ENTRY--TOPICAL TERM | |
| Topical term or geographic name entry element | RICHARDS AND ANOTHER V SOMERSET CC |
| 690 ## - LOCAL SUBJECT ADDED ENTRY--TOPICAL TERM (OCLC, RLIN) | |
| Topical term or geographic name as entry element | ENVIRONMENTAL AND LAND CONSULTANCY-PLANNING AND DEVELOPMENT-COMPULSORY PURCHASE AND COMPENSATION |
| 942 ## - ADDED ENTRY ELEMENTS (KOHA) | |
| Suppress in OPAC | 0 |
| Withdrawn status | Lost status | Source of classification or shelving scheme | Damaged status | Not for loan | Home library | Current library | Shelving location | Date acquired | Total Checkouts | Full call number | Barcode | Date last seen | Copy number | Price effective from | Koha item type |
|---|---|---|---|---|---|---|---|---|---|---|---|---|---|---|---|
| Dewey Decimal Classification | London | London | Journal article | 04/12/2001 | ABS64784 | 115853-1001 | 06/08/2019 | 1 | 06/08/2019 | Law report |